00327nam a2200121Ia 4500008004100000020001400041050001500055100002300070245004000093260003500133300002400168650001300192150202s9999 xx 000 0 und d a440180953 aFIC bFIC  aParker, Robert B.  2aA savage place /cRobert B. Parker. aNew York :bDell Books,c1981. a184 pages :c18 cm. aFiction.